| Поле | Название | Значение |
| |
Тип записи |
a |
| |
Библиографический уровень |
m |
| 001 |
Контрольный номер |
4a8901716178418a8716e34b8e406405 |
| 005 |
Дата корректировки |
20160921093243.5 |
| 010 |
Индекс ISBN |
__ |
| a |
ISBN |
978-5-370-01892-3 |
| 200 |
Заглавие и сведения об ответственности |
1_ |
| a |
Заглавие |
Управление персоналом |
| b |
Общее обозначение материала |
Текст |
| e |
Сведения, относящиеся к заглавию |
учебное пособие |
| f |
Первые сведения об ответственности |
под ред. Ю. П. Анискина |
| 205 |
Сведения об издании |
__ |
| a |
Основные сведения об издании |
6-е изд., испр. |
| 210 |
Выходные данные |
1_ |
| a |
Место издания |
М. |
| c |
Издательство |
Омега-Л |
| d |
Дата издания |
2011 |
| 215 |
Физическое описание |
__ |
| a |
Объем |
263 с. |
| 225 |
Серия |
2_ |
| a |
Серия |
Библиотека высшей школы |
| 330 |
Аннотация |
__ |
| a |
Аннотация |
Учебное пособие содержит краткое изложение теоретических основ управления персоналом организаций и рекомендации по выполнению практических заданий. |
| 606 |
Тематические рубрики |
__ |
| a |
Основная рубрика |
Менеджмент |
| 610 |
Ключевые слова |
0_ |
| a |
Ключевые слова |
диагностический подход к управлению перосоналом |
| a |
Ключевые слова |
кадровые стратегии организации |
| a |
Ключевые слова |
оценка труда работников |
| a |
Ключевые слова |
коучинг |
| a |
Ключевые слова |
лидерство |
| a |
Ключевые слова |
стили руководства персоналом |
| a |
Ключевые слова |
управление конфликтом |
| a |
Ключевые слова |
мотивация |
| a |
Ключевые слова |
кадровая политика |
| 686 |
Индексы других классификаций |
__ |
| a |
Классификационный индекс |
65.291.6-21 |
| 2 |
Код системы |
rubbk |
| 700 |
Автор |
_1 |
| a |
Фамилия |
Лукичёва |
| b |
Имя |
Л. И. |
| 852 |
Данные о местонахождении |
__ |
| i |
Авторский знак |
Л 84 |
| j |
Шифр хранения |
65.291.6-21 |
| 938 |
Служебная информация |
__ |
| a |
Название организации |
Волгоградский филиал |
| b |
Имя БД |
Каталог_ВКИ |
| c |
Название АИБС |
АИБС МАРК-SQL |
| 952 |
Тип литературы |
__ |
| b |
Гриф литературы для ВШ |
гриф УМО |
| c |
Вид литературы |
учебное пособие |